| 000 | 00641cam a2200193 4500 | ||
|---|---|---|---|
| 001 | J102919 | ||
| 008 | 000000n1999 000 0 eng u | ||
| 020 | _a1903202019 | ||
| 035 | _a(Sirsi) u102919 | ||
| 110 |
_aMirza & Nacey Research _95232 |
||
| 245 | _aQuantity surveyors fees 1999 : a survey of the fees charged by professional quantity surveying practices. | ||
| 260 |
_aFord, West Sussex _bMirza & Nacey Research _c1999 |
||
| 350 | _a125.00 | ||
| 520 | _aFOR REFERENCE ONLY IN THE LIBRARY - NOT TO BE PHOTOCOPIED | ||
| 650 | _aPROFESSIONAL FEES | ||
| 650 | _aMARKET SURVEYS | ||
| 690 |
_aQuantity surveying _96263 |
||
| 942 | _n0 | ||
| 999 |
_c100075 _d100075 |
||